| 000 | 00376pab a2200145 454500 | ||
|---|---|---|---|
| 008 | 180718b1996 xxu||||| |||| 00| 0 eng d | ||
| 100 | _aTharien, A.K. | ||
| 245 | _aEmerging frontiers in medical science: the ethical imperatives | ||
| 260 | _c1996 | ||
| 300 | _ap.7-9 | ||
| 362 | _aJul-Aug | ||
| 650 | _aMedical ethics | ||
| 773 | _aHealth for the Millions | ||
| 909 | _a32920 | ||
| 999 |
_c32920 _d32920 |
||